000 03159cam a22012254i 4500
003 PE-LiUPU
005 20260304114520.0
008 150706s r 000 0 d
020 _a9789586486767
035 _a(Sirsi) i9789586486767
035 _a(Sirsi) i9789586486767
040 _aPE-LiUPU
_bspa
_cPE-LiUPU
_erda
049 _aPRUA
082 0 4 _a378.199
_bM19
_221
082 0 4 _a375.001
_bM244c
_223
100 1 _aMaldonado García, Miguel Ángel,
_eautor.
245 1 0 _aCurrículo con enfoque de competencias /
_cMiguel Ángel Maldonado García.
264 1 _aBogotá :
_bEcoe Ediciones,
_c2010.
300 _a214 páginas :
_bilustraciones ;
_c24 cm.
336 _atext
_2rdacontent
337 _aunmediated
_2rdamedia
338 _avolume
_2rdacarrier
504 _aIncluye bibliografía.
505 0 _aProspectiva de la educación superior con enfoque de competencias -- Postrimerías del siglo XIX y advenimiento del XXI -- Currículo con enfoque de competencias -- Constructivismo, pedagogías críticas y complejidad: modelos para armar -- Modelos curriculares -- ¿Quién quiere ser competente? Pensamiento, conocimiento y competencias docentes.
526 _aP202
526 _aP201
526 _aP163
526 _aP162
526 _aP161
526 _aP160
526 _aP148
526 _aP147
526 _aP146
526 _aP145
526 _aP144
526 _aP143
526 _aP142
526 _aP141
526 _aP140
526 _aP139
526 _aP138
526 _aP137
526 _aP136
526 _aP135
526 _aP134
526 _aP133
526 _aP129
526 _aP128
526 _aP127
526 _aP120
526 _aP119
526 _aP118
526 _aP116
526 _aP115
526 _aP114
526 _aP110
526 _aP109
526 _aP108
526 _aP104
526 _aP103
526 _aP102
526 _aP99
526 _aP98
526 _aP97
526 _aP96
526 _aP95
526 _aP93
526 _aP90
526 _aP89
526 _aP88
526 _aP83
526 _aP82
526 _aP62
526 _aP59
526 _aP58
526 _aP57
526 _aP51
526 _aP49
526 _aP48
526 _aP47
526 _aP29
526 _aP24
526 _aP20
526 _aP19
526 _aP17
526 _aP15
526 _aP14
526 _aP12
526 _aP10
526 _aP09
526 _aP08
526 _aP07
526 _aP06
526 _aP05
526 _aP04
526 _aP01
650 1 0 _aEducación basada en competencias
_91311
650 2 4 _aDiseño curricular
_98186
650 2 4 _aEducación superior
_91270
910 _agl
942 _2ddc
_cBOOK
949 _aPGE 378.199 M19
_wDEWEY
_c1
_i63123
_lPOSTGRADO
_mBUL
_p29.00
_r0
_sY
_tBOOK
_u2015-7-6
_xPOSGRADO
_o.CIRCNOTE. No olvidar cambiar la fecha de devolución!!!!!!!
_o.STAFF. Colección General
980 _818226
_gJaime Vilcazán Jefe de Análisis Documental
999 _c52136
_d52136